000
00266nam a22000977a 4500
999
_c
11317
_d
11317
008
190219b ||||| |||| 00| 0 eng d
020
_a
9781841263014
100
_a
Dooley Thomas
_9
7058
245
_a
Soccer Dribbling and Feinting
260
_a
UK
_b
Meyer & Meyer Sport
_c
2010